| 000 | 01032nam a2200277 a 4500 | ||
|---|---|---|---|
| 001 | 4370 | ||
| 003 | CDMR | ||
| 005 | 20131202171935.0 | ||
| 008 | 130130s1986||||||||||||||||||||||||||||d | ||
| 020 | _a8486094127 | ||
| 040 |
_aCDMR _bcat _cCDMR |
||
| 245 | 3 |
_aEl desafío de los años 90 _cedición de Adolfo Castilla, Mª Cruz Alonso y José a. Díaz |
|
| 260 |
_aMadrid _c1986 _bFundesco |
||
| 300 | _a196 p. | ||
| 490 | 0 | _aLos Libros de Fundesco. | |
| 490 | 0 | _aEstudios y documentos | |
| 500 | _aPonències i documents de la I Reunión Anual de Prospectiva (Reflexiones ante los 90), organitzada per Fundesco, celebrada a Madrid a l'abril de 1985 | ||
| 501 | _aAmb: Diez nuevas tendencias / J. Naisbitt | ||
| 650 | 0 | 4 |
_93156 _aSocietat de la informació |
| 650 | 0 | 4 |
_93364 _aTecnologia de la informació _xAspectes socials |
| 700 | 1 |
_91761 _aCastilla, Adolfo |
|
| 700 | 1 |
_94281 _aAlonso Antolín, María Cruz |
|
| 700 | 1 |
_94284 _aDíaz Martínez, José Antonio _eeds. |
|
| 740 | _aDiez nuevas tendencias | ||
| 942 |
_cMON _2udc |
||
| 999 |
_c4370 _d4370 |
||